| 000 | 00618cam a22001811 4500 | ||
|---|---|---|---|
| 082 |
_a621.31364 _bTEA _cL-10, P-47 |
||
| 100 | 1 |
_aTeago, Frederick Jerrold, _941415 |
|
| 245 | 1 | 4 |
_aThe commutator motor, _cby F.J. Teago ... With 31 diagrams. |
| 250 | _a2d ed., rev. | ||
| 260 |
_aLondon, _bMethuen & Co. ltd. _c[1946] |
||
| 300 |
_avii, 80 p. _billus., diagrs. _c18 cm. |
||
| 490 | 0 | _aMethuen's monographs on physical subjects | |
| 500 | _a"First published July 10th, 1930." | ||
| 526 |
_a0 _b0 _c0 _d621_313640000000000_TEA |
||
| 650 | 0 | _aElectric motors, Alternating current. | |
| 650 | 0 |
_aMCE _9379 |
|
| 942 |
_2ddc _cBK |
||
| 999 |
_c545524 _d545524 |
||